Asian Capitals - Sudden Death - Statistics

General Stats
  • This quiz has been taken 59 times
  • The average score is 20 of 30
Answers on the Grid
Answers color-coded by a green-red scale on the quiz's grid according to % correct below.
Ashgabat
Baghdad
Baku
Basra
Beijing
Beirut
Bishkek
Cairo
Chengdu
Chennai
Chittagong
Da Nang
Damascus
Dhaka
Dili
Doha
Dubai
Dushanbe
Haifa
Hanoi
Helsinki
Hiroshima
Ho Chi Minh City
Islamabad
Jakarta
Jeddah
Kabul
Kandahar
Karachi
Kathmandu
Kigali
Kolkata
Kota Kinabalu
Kuala Lumpur
Kyiv
Lahore
Lima
Lomé
Lviv
Macau
Malé
Manama
Mosul
Nagoya
Nicosia
Phnom Penh
Pokhara
Pyongyang
Riyadh
Sana'a
Shanghai
Singapore
Taipei
Tashkent
Tehran
Tokyo
Vaduz
Valletta
Vientiane
Yangon
 
Answer Stats
Answer % Correct
Beijing
91%
Baghdad
86%
Ashgabat
84%
Baku
84%
Beirut
84%
Damascus
79%
Hanoi
77%
Doha
74%
Jakarta
74%
Dhaka
70%
Dili
70%
Bishkek
67%
Kabul
67%
Kuala Lumpur
67%
Islamabad
65%
Kathmandu
65%
Pyongyang
63%
Tokyo
63%
Dushanbe
60%
Phnom Penh
60%
Riyadh
60%
Taipei
60%
Singapore
58%
Tehran
56%
Sana'a
53%
Malé
49%
Nicosia
49%
Tashkent
49%
Manama
42%
Vientiane
42%
No matching quizzes found
Score Distribution
Percent of People with Each Score
Percentile by Number Answered
Your Score History
You have not taken this quiz